000 00516nam a2200193Ia 4500
008 101110s9999 xx 000 0 und d
041 _aENGLISH
082 _bSR10842
_a653.2
100 _aAtthreya N.H.
245 _aSo the Business system May Survive in India
365 _b2.75
520 _aCommerce
546 _aENGLISH
630 _aSo the Business system May Survive in India
650 _aCommerce
655 _aCommerce
730 _aSo the Business system May Survive in India
942 _cBOOK
999 _c805731
_d805728